Условия успешного продвижения товара: практическое пособие

Bibliografiske detaljer
Hovedforfatter: Мазилкина Е. И. Елена Ивановна
Summary:В практическом пособии рассматривается последовательность действий по успешному продвижению товара. Раскрываются технологии применения традиционных и современных средств продвижения товара. Особое внимание уделяется определению эффективности различных средств продвижения. Для специалистов, сталкивающихся с подобными проблемами в своей повседневной работе, а также всех, кто интересуется вопросами продвижения товара.
Sprog:russisk
Udgivet: Москва, Дашков и К, 2010
Udgivelse:2-е изд.
Serier:Стратегия успешного бизнеса
Fag:
Format: MixedMaterials Bog
KOHA link:https://koha.lib.tpu.ru/cgi-bin/koha/opac-detail.pl?biblionumber=180363

MARC

LEADER 00000nam0a2200000 4500
001 180363
005 20231101223536.0
010 |a 9785394008665 
035 |a (RuTPU)RU\TPU\book\195515 
035 |a RU\TPU\book\160609 
090 |a 180363 
100 |a 20081127d2010 km y0rusy50 ca 
101 0 |a rus 
102 |a RU 
105 |a y z 001zy 
200 1 |a Условия успешного продвижения товара  |e практическое пособие  |f Е. И. Мазилкина 
205 |a 2-е изд. 
210 |a Москва  |c Дашков и К  |d 2010 
215 |a 172 с. 
225 1 |a Стратегия успешного бизнеса 
320 |a Библиогр.: с. 170-171. 
330 |a В практическом пособии рассматривается последовательность действий по успешному продвижению товара. Раскрываются технологии применения традиционных и современных средств продвижения товара. Особое внимание уделяется определению эффективности различных средств продвижения. Для специалистов, сталкивающихся с подобными проблемами в своей повседневной работе, а также всех, кто интересуется вопросами продвижения товара. 
606 1 |a Маркетинг  |2 stltpush  |3 (RuTPU)RU\TPU\subj\41036  |9 60857 
610 1 |a товары 
610 1 |a продвижение 
610 1 |a сбыт 
610 1 |a прямой маркетинг 
610 1 |a реклама 
610 1 |a брендинг 
610 1 |a выставки 
610 1 |a ярмарки 
610 1 |a спонсорство 
610 1 |a тестирование 
610 1 |a экономическая эффективность 
610 1 |a практические пособия 
686 |a У9(2)212.4я73  |v LBC/SL-A  |2 rubbk 
700 1 |a Мазилкина  |b Е. И.  |g Елена Ивановна 
801 1 |a RU  |b 63413507  |c 20100514 
801 2 |a RU  |b 63413507  |c 20121002  |g RCR 
942 |c BK 
959 |a 31/20100513  |d 1  |e 132,00  |f ЧЗГЛ:1